Catalogue de la Bibliothèque de l'ENSA

Technique rurales en afrique (notice nᵒ 33645)

détails MARC
000 -LEADER
fixed length control field 00537nam a22001697a 4500
005 - DATE AND TIME OF LATEST TRANSACTION
control field 20210926151600.0
037 ## - SOURCE D'ACQUISITION
Cote BC_338 47
040 ## - SOURCE DU CATALOGAGE
Origine cataloguage BC-ENSA
Langue du catalogage fre
041 ## - CODE DE LANGUE
Langue Français
100 ## - VEDETTE PRINCIPALE - AUTEUR PRINCIPAL
Auteur GLEIZES Claude
245 ## - MENTION DU TITRE
Titre Technique rurales en afrique
Volume Vol. 1
Titre partie évaluation des quantités d'eau nécessaires aux irrigations
260 ## - PUBLICATION, DIFFUSION, ETC. (ADRESSE BIBLIOGRAPHIQUE)
Lieu d'édition France
Nom de l'éditeur Centre de recherche et d'expérimentation du génie rural
Année d'édition 1968
300 ## - DESCRIPTION MATÉRIELLE
Nombre de pages 170 p.
Illustration ill.
Format 27 cm
562 ## - NOTE D'IDENTIFICATION DES EXEMPLAIRES ET VERSIONS
Numbre d' exemplaire 2 exemplaire(s)
942 ## - ADDED ENTRY ELEMENTS (KOHA)
Type document Ouvrage
653 ## - DESCRIPTEUR LIBRE
Mots clés libres IRRIGATION/ÉVAPOTRANSPIRATION/EAU/SOL/
Exemplaires
statut de retrait Statut emplacement permanent Localisation actuelle Cote code à barre Koha type d'élément
    Bibliothèque Centrale Bibliothèque Centrale BC_338 47/A BC_338 47/A Ouvrage
    Bibliothèque Centrale Bibliothèque Centrale BC_338 47/B BC_338 47/B Ouvrage

Adresse: Ecole Nationale Supérieure Agronomique Hassen Badi - El Harrach Alger, Algérie

Tél +213 (0) 23 82 85 07+213 (0) 23 82 85 12 Fax +213 23 82 85 03/04 Courriel: bibliotheque@edu.ensa.dz